| 000 | 00532nam a22001577a 4500 | ||
|---|---|---|---|
| 008 | 230608b |||||||| |||| 00| 0 eng d | ||
| 040 |
_aNational Science Library _cNational Science Library |
||
| 080 |
_a620.91.004.4 _bM5 |
||
| 100 | _aVenkatraman, Balu | ||
| 245 |
_aRecent developments in attempts for chemical storage of solar energy _c/ Tata Energy Research Institute |
||
| 260 |
_aBombay: _bTata Energy Research Institute, _c1986 |
||
| 300 | _a82p. | ||
| 650 | _aScience | ||
| 653 | _aNatural resources | ||
| 942 |
_2udc _cPR |
||
| 999 |
_c41269 _d41269 |
||